History Quiz

Random History or Year Quiz

This Day in History: April Quiz Stats

 Plays Quiz Updated Nov 28, 2011

Challenge
Share
Tweet
Embed
Score 0/30 Timer 07:00
5 Plays Today
Day Answer % Correct
April 14Titanic
91.6%
April 6Athens, Greece
87.8%
April 4Martin Luther King, Jr.
86.5%
April 15John Wilkes Booth
80.4%
April 23William Shakespeare
79.8%
April 1Royal Air Force
79.3%
April 24Ireland
75.5%
April 17Bay of Pigs Invasion
73.2%
April 25Suez Canal
71.9%
April 20Ku Klux Klan
71.8%
April 26Chernobyl
71.7%
April 28Benito Mussolini
69%
April 7Rwanda
68.7%
April 3Pony Express
67.5%
April 21Romulus and Remus
64.9%
Day Answer % Correct
April 22Oklahoma
58.5%
April 29Joan of Arc
57.8%
April 8Cape Town
57.4%
April 30Saigon
56.7%
April 27Ferdinand Magellan
55.7%
April 2Ponce de León
53.7%
April 13George Frideric Handel
52.1%
April 11Idi Amin
50.1%
April 5Pocahontas
47.5%
April 19Lexington
47.4%
April 9Appomattox
44.2%
April 12Yuri Gagarin
41.9%
April 10Bataan Death March
29.5%
April 18Worms
26%
April 16Masada
18.3%

You're not logged in!

Compare scores with friends on all Sporcle quizzes.
OR
Log In

You Might Also Like...

Show Comments

Extras

Top Quizzes Today


Score Distribution

Your Account Isn't Verified!

In order to create a playlist on Sporcle, you need to verify the email address you used during registration. Go to your Sporcle Settings to finish the process.

Report this User

Report this user for behavior that violates our Community Guidelines.

Details: